Lửa kinh đô Tiểu thuyết
Сохранить в:
| Главный автор: | |
|---|---|
| Формат: | |
| Язык: | Undetermined |
| Опубликовано: |
H.
Văn học
2010
|
| Предметы: | |
| Online-ссылка: | http://lrc.tdmu.edu.vn/opac/search/detail.asp?aID=2&ID=14908 |
| Метки: |
Добавить метку
Нет меток, Требуется 1-ая метка записи!
|
| Thư viện lưu trữ: | Trung tâm Học liệu Trường Đại học Thủ Dầu Một |
|---|
| LEADER | 00661nam a2200205Ia 4500 | ||
|---|---|---|---|
| 001 | TDMU_14908 | ||
| 008 | 210410s9999 xx 000 0 und d | ||
| 082 | |a 895.92234 | ||
| 090 | |b H100 | ||
| 100 | |a Hà, Khánh Linh | ||
| 245 | 0 | |a Lửa kinh đô | |
| 245 | 0 | |b Tiểu thuyết | |
| 245 | 0 | |c Hà Khánh Linh | |
| 260 | |a H. | ||
| 260 | |b Văn học | ||
| 260 | |c 2010 | ||
| 300 | |a 263tr. | ||
| 650 | |a Tiểu thuyết Việt Nam; Văn học Việt Nam |y Thế kỷ 21 |x Tiểu thuyết | ||
| 856 | |u http://lrc.tdmu.edu.vn/opac/search/detail.asp?aID=2&ID=14908 | ||
| 980 | |a Trung tâm Học liệu Trường Đại học Thủ Dầu Một | ||